000 01930cam a22001934a 4500
005 20250605164141.0
008 250528s ||||||||||||||||||||||||d
035 _a18979
040 _aGR-AtMCL
_bgre
_dGR-AtMCL
_eAACR2
245 1 _aΑρχιτεκτονική Εσωτερικών Χώρων / Στοιχεία της Κατασκευής
260 _bΜ. Γκιούρδας,
_c1985
300 _a132
505 0 _aΕισαγωγή, Βασικά Στοιχεία, Οι Επιφάνειες του Χώρου, Οπτική Εντύπωση, Ακουστική Χώρου, Φωτισμός στο Χώρο, Πυροπροστασία, Υλικά, Επικαλύψεις Τοίχων και Οροφών, Χρήση των Υφασμάτων στους Εσωτερικούς Χώρους, Ξυλεπενδύσεις, Επιστρώσεις Δαπέδων, Ανοίγματα, Περιοχές Μελέτης της Αρχιτεκτονικής Εσωτερικών Χώρων, Ο Ιδιωτικός Χώρος, Ο Δημόσιος Χώρος, Η Μοναδικότητα των Μελετών και των Λύσεων.
520 _aΕισαγωγή, Βασικά Στοιχεία, Οι Επιφάνειες του Χώρου, Οπτική Εντύπωση, Ακουστική Χώρου, Φωτισμός στο Χώρο, Πυροπροστασία, Υλικά, Επικαλύψεις Τοίχων και Οροφών, Χρήση των Υφασμάτων στους Εσωτερικούς Χώρους, Ξυλεπενδύσεις, Επιστρώσεις Δαπέδων, Ανοίγματα, Περιοχές Μελέτης της Αρχιτεκτονικής Εσωτερικών Χώρων, Ο Ιδιωτικός Χώρος, Ο Δημόσιος Χώρος, Η Μοναδικότητα των Μελετών και των Λύσεων.
700 1 _aMuller Willi
_95259
942 _cBK
999 _c4271
_d4271